• 首页
  • 本馆介绍
  • 公告通知
  • 最新文献
  • 馆藏检索
  • 电子资源
  • 读者导购
  • 参考咨询
  • 我的图书馆
  • 登录
  • 详细信息显示
  • 放入我的书架
  • 预约/预借图书
  • 作者相关作品
  • 分类相关作品
  • 丛书相关作品
  • 出版社相关作品

书目信息

  • 表格格式
  • 工作单格式
  • 卡片格式
题名:
精细化工中间体生产流程图解
    
 
作者: 张跃 主编
分册:  
出版信息: 北京   化学工业出版社  1999
页数: 993
开本: 26cm
丛书名:
单 册:
中图分类: TQ61
科图分类:
主题词: 染料 , 染料--化学工业 , 染料--中间体--化学工业
电子资源:
ISBN: 7-5025-2580-7
000 00615nam0 2200205 450
001 0754114953
005 20070929150154.95
010    @a7-5025-2580-7
100    @a20070929d km y0chiy0120 ea
101 0  @achi
200 1  @a精细化工中间体生产流程图解@Ajing xi hua gong zhong jian ti sheng chan liu cheng tu jie@f张跃 主编@Fzhang yue zhu bian
210    @a北京@c化学工业出版社@d1999
215    @a993@c插图@d26cm
606 0  @a染料
606 0  @a染料@x化学工业
606 0  @a染料@x中间体@x化学工业
690    @aTQ61@v3
701  0 @a张跃@Azhang yue@4主编
801  0 @aCN@bPFT@c20070929
905    @a213230@dTQ61@eh70@f1
    
    精细化工中间体生产流程图解/张跃 主编.-北京:化学工业出版社,1999
    993:插图;26cm
    
    
    ISBN 7-5025-2580-7:
    
●
相关链接 在E读中查询图书 在五车中查询图书 在当当中查询图书 在豆瓣中查询图书


正题名:精细化工中间体生产流程图解     索取号:TQ61/h70         预约/预借

序号 登录号 条形码 馆藏地/架位号 状态 备注
1 6001080   260010801   化学系资料室/ [索取号:TQ61/h70] 在馆    
唐山师范学院图书馆 欢迎您!
大连网信软件有限公司© 版权所有